[Event "Fagernes op"]
[Site "Fagernes"]
[Date "2025.04.20"]
[Round "9"]
[White "Andersen, Morten"]
[Black "Lund, Gunnar"]
[Result "1/2-1/2"]
[WhiteElo "2200"]
[BlackElo "2341"]
[PlyCount "26"]
[EventDate "2025.04.13"]
[EventType "swiss"]
[EventRounds "9"]
[EventCountry "NOR"]
[SourceTitle "CB17_2025"]
[SourceDate "2025.04.23"]
[SourceVersion "1"]
[SourceVersionDate "2025.04.23"]
[SourceQuality "1"]

1. Nf3 d5 2. e3 Nf6 3. c4 e6 4. b3 Be7 5. Bb2 0-0 6. Nc3 b6 7. cxd5 exd5 8. Be2 c5 9. d4 Nc6 10. 0-0 Be6 11. Rc1 Rc8 12. dxc5 bxc5 13. Na4 Nd7 1/2-1/2

[Event "Fagernes op"]
[Site "Fagernes"]
[Date "2025.04.19"]
[Round "8"]
[White "Lund, Gunnar"]
[Black "Bazakutsa, Svyatoslav"]
[Result "0-1"]
[WhiteElo "2341"]
[BlackElo "2474"]
[PlyCount "106"]
[EventDate "2025.04.13"]
[EventType "swiss"]
[EventRounds "9"]
[EventCountry "NOR"]
[SourceTitle "CB17_2025"]
[SourceDate "2025.04.23"]
[SourceVersion "1"]
[SourceVersionDate "2025.04.23"]
[SourceQuality "1"]

1. e4 c5 2. c3 d5 3. exd5 Qxd5 4. d4 Nf6 5. Nf3 Nc6 6. Be2 e6 7. Na3 Be7 8. 0-0 0-0 9. dxc5 Bxc5 10. Qxd5 Nxd5 11. Nc2 f6 12. Rd1 Rd8 13. c4 Nc7 14. Rxd8+ Nxd8 15. Be3 Be7 16. Nd2 e5 17. Ne4 f5 18. Bc5 Kf8 19. Bxe7+ Kxe7 20. Nc3 b6 21. Ne3 Nc6 22. f4 Be6 23. fxe5 Nxe5 24. Rd1 Rd8 25. Rxd8 Kxd8 26. b3 Ke7 27. Kf2 Kd6 28. Nc2 g5 29. g3 Bd7 30. Nb1 Ne6 31. Nd2 Bc6 32. Ke3 f4+ 33. Kf2 Ke7 34. Nb4 Bb7 35. Nd3 Kd6 36. b4 h6 37. a3 Nxd3+ 38. Bxd3 Ke5 39. Nb3 Be4 40. Bxe4 Kxe4 41. a4 fxg3+ 42. Kxg3 Nd4 43. c5 Nxb3 44. c6 Nd4 45. c7 Nf5+ 46. Kg4 Ne7 47. Kh5 Ke5 48. Kxh6 g4 49. Kg5 Kd6 50. Kxg4 Kxc7 51. h4 Kd6 52. a5 b5 53. Kf4 Ng6+ 0-1

[Event "Fagernes op"]
[Site "Fagernes"]
[Date "2025.04.18"]
[Round "7"]
[White "Westrum, Kim Roger Hansen"]
[Black "Lund, Gunnar"]
[Result "0-1"]
[WhiteElo "2193"]
[BlackElo "2341"]
[PlyCount "92"]
[EventDate "2025.04.13"]
[EventType "swiss"]
[EventRounds "9"]
[EventCountry "NOR"]
[SourceTitle "CB17_2025"]
[SourceDate "2025.04.23"]
[SourceVersion "1"]
[SourceVersionDate "2025.04.23"]
[SourceQuality "1"]

1. e4 c5 2. Nf3 d6 3. Bb5+ Bd7 4. Bxd7+ Nxd7 5. 0-0 Ngf6 6. Re1 e6 7. c3 Be7 8. d4 0-0 9. a3 Rc8 10. e5 Ne8 11. Nbd2 cxd4 12. cxd4 dxe5 13. dxe5 Nc7 14. Qa4 Nc5 15. Qg4 Nd3 16. Rf1 Qd5 17. Nc4 h5 18. Qd4 Rfd8 19. Qxd5 Nxd5 20. Ne3 N5f4 21. Kh1 Ng6 22. Bd2 Ngxe5 23. Nxe5 Nxe5 24. Bc3 Nd3 25. Rad1 Bc5 26. Kg1 Rd7 27. a4 Rcd8 28. Rb1 Nf4 29. Rfe1 Bd4 30. Bxd4 Rxd4 31. Rbd1 Kf8 32. b3 Rxd1 33. Rxd1 Rxd1+ 34. Nxd1 Ke7 35. Nb2 Kd6 36. g3 Ne2+ 37. Kf1 Nd4 38. b4 Kd5 39. f4 Nc2 40. b5 Kd4 41. Ke2 Nb4 42. Kd2 f6 43. h4 Nd5 44. Nd3 Nb6 45. Nb4 Nxa4 46. Nc2+ Ke4 0-1

[Event "Titled Tuesday intern op 19th Mar Late"]
[Site "Chess.com INT"]
[Date "2024.03.19"]
[Round "4"]
[White "Lancman, Kyle"]
[Black "Lund, Gunnar"]
[Result "1/2-1/2"]
[WhiteElo "2075"]
[BlackElo "2335"]
[PlyCount "76"]
[EventDate "2024.03.19"]
[EventType "swiss (blitz)"]
[EventRounds "11"]
[EventCountry "USA"]
[SourceTitle "EXT 2025"]
[Source "ChessBase"]
[SourceDate "2024.10.14"]
[SourceVersion "1"]
[SourceVersionDate "2024.10.14"]
[SourceQuality "1"]

1. e4 e5 2. Nf3 Nf6 3. Nc3 Bb4 4. Bc4 0-0 5. d3 c6 6. Bb3 d5 7. Bd2 Bxc3 8. Bxc3 d4 9. Bb4 Re8 10. Ng5 Be6 11. Nxe6 fxe6 12. 0-0 b5 13. a4 a5 14. Bd2 b4 15. Bg5 Nbd7 16. Qe2 Qe7 17. f4 h6 18. Bh4 Kh7 19. f5 exf5 20. Rxf5 Rf8 21. Raf1 Qd6 22. Bg3 Ng8 23. Qg4 Ngf6 24. Qh4 Rae8 25. Bc4 Nb6 26. Bb3 c5 27. Qh3 c4 28. Bxc4 Nxc4 29. dxc4 Nxe4 30. Bxe5 Qc5 31. Bxg7 d3+ 32. Rxc5 Rxf1+ 33. Kxf1 Nd2+ 34. Kf2 Re2+ 35. Kg1 Re1+ 36. Kf2 Re2+ 37. Kg1 Re1+ 38. Kf2 Re2+ 1/2-1/2

[Event "Titled Tuesday intern op 19th Mar Late"]
[Site "Chess.com INT"]
[Date "2024.03.19"]
[Round "2"]
[White "Novak, Ratko"]
[Black "Lund, Gunnar"]
[Result "1/2-1/2"]
[WhiteElo "2037"]
[BlackElo "2335"]
[PlyCount "128"]
[EventDate "2024.03.19"]
[EventType "swiss (blitz)"]
[EventRounds "11"]
[EventCountry "USA"]
[SourceTitle "EXT 2025"]
[Source "ChessBase"]
[SourceDate "2024.10.14"]
[SourceVersion "1"]
[SourceVersionDate "2024.10.14"]
[SourceQuality "1"]

1. d4 d5 2. c4 e6 3. cxd5 exd5 4. Nc3 Nf6 5. Bg5 Be7 6. e3 c6 7. Nf3 Nbd7 8. Bd3 h6 9. Bh4 Nh5 10. Bxe7 Qxe7 11. 0-0 0-0 12. e4 dxe4 13. Nxe4 Nhf6 14. Re1 Nxe4 15. Bxe4 Qd6 16. d5 cxd5 17. Bxd5 Qf6 18. Qb3 Nb6 19. Be4 Be6 20. Qb4 Rab8 21. Rad1 Rfc8 22. b3 Qc3 23. Qxc3 Rxc3 24. Rc1 Rxc1 25. Rxc1 Bd5 26. Bxd5 Nxd5 27. Rd1 Nc3 28. Rd2 Re8 29. Kf1 g5 30. Rc2 Nd5 31. g3 Nb4 32. Rd2 Re7 33. a3 Nc6 34. b4 a6 35. Re2 Rd7 36. Rd2 Re7 37. Re2 Rc7 38. Rc2 Rd7 39. Rd2 Rxd2 40. Nxd2 Nd4 41. Ne4 Nc2 42. Nc5 Nxa3 43. Ke2 Nc2 44. Nd3 Kf8 45. Kd2 Nd4 46. Nc5 Nf3+ 47. Ke3 Nxh2 48. Nxb7 Ng4+ 49. Ke2 h5 50. Nc5 h4 51. gxh4 gxh4 52. f3 h3 53. Kf1 Ne5 54. Kf2 Ke7 55. Kg3 Kd6 56. f4 Nc6 57. Nxa6 Nd4 58. Kxh3 Kc6 59. Kg4 Kb5 60. Nc7+ Kxb4 61. Kg5 Kc5 62. Kf6 Ne2 63. f5 Ng3 64. Kxf7 Nxf5 1/2-1/2

[Event "Titled Tuesday intern op 19th Mar Late"]
[Site "Chess.com INT"]
[Date "2024.03.19"]
[Round "5"]
[White "Vargas Pereda, Jesus Manuel"]
[Black "Lund, Gunnar"]
[Result "0-1"]
[WhiteElo "1930"]
[BlackElo "2335"]
[PlyCount "116"]
[EventDate "2024.03.19"]
[EventType "swiss (blitz)"]
[EventRounds "11"]
[EventCountry "USA"]
[SourceTitle "EXT 2025"]
[Source "ChessBase"]
[SourceDate "2024.10.14"]
[SourceVersion "1"]
[SourceVersionDate "2024.10.14"]
[SourceQuality "1"]

1. e4 e5 2. Nc3 Nf6 3. f4 d5 4. fxe5 Nxe4 5. Qf3 Nxc3 6. dxc3 Be6 7. Bf4 c6 8. 0-0-0 Qa5 9. Kb1 Nd7 10. Qg3 0-0-0 11. Nf3 Nc5 12. Nd4 Be7 13. Nb3 Nxb3 14. axb3 h6 15. h4 Kb8 16. Bd3 Ka8 17. h5 Qc7 18. Qf2 Qb6 19. Qe2 c5 20. c4 dxc4 21. Bxc4 a6 22. Bxe6 Qxe6 23. Rxd8+ Rxd8 24. Rd1 Rxd1+ 25. Qxd1 Ka7 26. g3 b6 27. c4 Kb7 28. Qf3+ Qc6 29. Qg4 Qe4+ 30. Ka2 Qc6 31. Qxg7 b5 32. Qxf7 Qc7 33. Qd5+ Ka7 34. Bxh6 Qa5+ 35. Kb1 Qe1+ 36. Kc2 Kb8 37. Bf4 Qe2+ 38. Kb1 Qe1+ 39. Kc2 Qe2+ 40. Qd2 Qe4+ 41. Qd3 Qg2+ 42. Kb1 Kc8 43. Qf5+ Kd8 44. e6 Qf1+ 45. Ka2 bxc4 46. Qd5+ Ke8 47. bxc4 Qe1 48. Qc6+ Kf8 49. Qc8+ Kg7 50. Qd7 Qa5+ 51. Kb3 Qb4+ 52. Ka2 Qxc4+ 53. Kb1 Qe4+ 54. Kc1 Qe1+ 55. Kc2 Qe2+ 56. Bd2 Qc4+ 57. Bc3+ Kh6 58. g4 Qe4+ 0-1

[Event "Titled Tuesday intern op 05th Mar Late"]
[Site "Chess.com INT"]
[Date "2024.03.05"]
[Round "7"]
[White "Bambino Filho, Antonio Carlos"]
[Black "Lund, Gunnar"]
[Result "0-1"]
[WhiteElo "2168"]
[BlackElo "2335"]
[PlyCount "60"]
[EventDate "2024.03.05"]
[EventType "swiss (blitz)"]
[EventRounds "11"]
[EventCountry "USA"]
[SourceTitle "EXT 2025"]
[Source "ChessBase"]
[SourceDate "2024.10.14"]
[SourceVersion "1"]
[SourceVersionDate "2024.10.14"]
[SourceQuality "1"]

1. d4 d5 2. c4 e6 3. Nf3 Nf6 4. Nc3 Be7 5. Bg5 0-0 6. e3 Nbd7 7. Rc1 c5 8. cxd5 Nxd5 9. Bxe7 Nxe7 10. Be2 b6 11. 0-0 Bb7 12. Qa4 cxd4 13. Nxd4 Nc5 14. Qd1 Rc8 15. Bf3 Bxf3 16. Qxf3 Nd3 17. Rcd1 Ne5 18. Qg3 Qc7 19. Ndb5 Qb8 20. Nd6 N5g6 21. Nxc8 Qxc8 22. Qd6 Nf5 23. Qd7 Qa6 24. Qb5 Qc8 25. Rd7 a6 26. Qd3 Ne5 27. Qe4 Nxd7 28. Rd1 Nf6 29. Qa4 b5 30. Qb4 Rd8 0-1

[Event "Titled Tuesday intern op 05th Mar Early"]
[Site "Chess.com INT"]
[Date "2024.03.05"]
[Round "3"]
[White "Kazarian, Anna Maja"]
[Black "Lund, Gunnar"]
[Result "0-1"]
[WhiteElo "2206"]
[BlackElo "2335"]
[PlyCount "112"]
[EventDate "2024.03.05"]
[EventType "swiss (blitz)"]
[EventRounds "11"]
[EventCountry "USA"]
[SourceTitle "EXT 2025"]
[Source "ChessBase"]
[SourceDate "2024.10.14"]
[SourceVersion "1"]
[SourceVersionDate "2024.10.14"]
[SourceQuality "1"]

1. e4 d6 2. d4 Nf6 3. Nc3 e5 4. Nf3 exd4 5. Nxd4 Be7 6. Be2 0-0 7. 0-0 Re8 8. Re1 Bf8 9. Bf1 Nbd7 10. g3 c6 11. Bg2 a5 12. a4 Nc5 13. Bg5 h6 14. Bf4 Qc7 15. h3 Nfd7 16. Nf5 Ne5 17. g4 Be6 18. b3 Rad8 19. Qd4 Bc8 20. Rad1 Ne6 21. Qe3 Nxf4 22. Qxf4 Qb6 23. Kh1 Qc5 24. Re3 Ng6 25. Qg3 Qe5 26. Qf3 Qf6 27. Nxh6+ Kh7 28. Nxf7 Rd7 29. g5 Qxf7 30. Qh5+ Kg8 31. Rf3 Qe6 32. h4 Ne5 33. Bh3 Qg6 34. Qxg6 Nxg6 35. Bxd7 Bxd7 36. h5 Ne5 37. Rg3 Bg4 38. Rf1 Bxh5 39. f4 Nd7 40. f5 Nc5 41. Rh3 g6 42. f6 Kf7 43. Rh4 Re5 44. Rhf4 Rxg5 45. Na2 Re5 46. Re1 g5 47. Rff1 Bg6 48. Nc3 Nxe4 49. Nxe4 Rxe4 50. Kh2 d5 51. Kg3 Bd6+ 52. Kg2 Rxe1 53. Rxe1 Be4+ 54. Kf2 Kxf6 55. Ke2 Bxc2 56. Rf1+ Bf4 0-1

[Event "Titled Tuesday intern op 05th Mar Early"]
[Site "Chess.com INT"]
[Date "2024.03.05"]
[Round "4"]
[White "Lund, Gunnar"]
[Black "Derichs, Roger"]
[Result "1-0"]
[WhiteElo "2335"]
[BlackElo "2257"]
[PlyCount "103"]
[EventDate "2024.03.05"]
[EventType "swiss (blitz)"]
[EventRounds "11"]
[EventCountry "USA"]
[SourceTitle "EXT 2025"]
[Source "ChessBase"]
[SourceDate "2024.10.14"]
[SourceVersion "1"]
[SourceVersionDate "2024.10.14"]
[SourceQuality "1"]

1. c4 e6 2. Nc3 d5 3. d4 c6 4. e3 Nf6 5. Nf3 a6 6. Bd3 dxc4 7. Bxc4 b5 8. Bb3 Bb7 9. 0-0 Nbd7 10. Qe2 c5 11. Rd1 c4 12. Bc2 Be7 13. e4 0-0 14. e5 Nd5 15. Ne4 h6 16. a3 Re8 17. Ng3 Qb6 18. Qe4 Nf8 19. Qg4 f5 20. exf6 Nxf6 21. Qh3 Bxf3 22. gxf3 Rad8 23. Be3 Nd5 24. Qg4 Nf6 25. Qh3 Nd5 26. Kh1 b4 27. axb4 Nxb4 28. Be4 Nd5 29. Rg1 Nxe3 30. fxe3 Qxb2 31. Nh5 g5 32. Rxa6 Ra8 33. Rxe6 Ra1 34. Nf6+ Bxf6 35. Rxe8 Rxg1+ 36. Kxg1 Qc1+ 37. Kg2 Qd2+ 38. Kg3 Kg7 39. Qf1 Qxe3 40. Qxc4 Qf4+ 41. Kg2 Qd2+ 42. Kf1 Qd1+ 43. Kg2 Qd2+ 44. Kh3 Qf4 45. Qd5 g4+ 46. fxg4 Qf1+ 47. Bg2 Qd3+ 48. Qf3 Qxf3+ 49. Bxf3 Ng6 50. Re4 Bg5 51. Kg3 Nf4 52. Rxf4 1-0

[Event "Titled Tuesday intern op 05th Mar Early"]
[Site "Chess.com INT"]
[Date "2024.03.05"]
[Round "9"]
[White "Mamedov, Edgar"]
[Black "Lund, Gunnar"]
[Result "0-1"]
[WhiteElo "2317"]
[BlackElo "2335"]
[PlyCount "120"]
[EventDate "2024.03.05"]
[EventType "swiss (blitz)"]
[EventRounds "11"]
[EventCountry "USA"]
[SourceTitle "EXT 2025"]
[Source "ChessBase"]
[SourceDate "2024.10.14"]
[SourceVersion "1"]
[SourceVersionDate "2024.10.14"]
[SourceQuality "1"]

1. c4 e5 2. Nc3 d6 3. g3 f5 4. d4 e4 5. Bg2 Nf6 6. f3 exf3 7. Nxf3 Be7 8. 0-0 0-0 9. Qd3 Nc6 10. a3 Qe8 11. e4 fxe4 12. Nxe4 Nxe4 13. Qxe4 Bf6 14. Qxe8 Rxe8 15. Bg5 Bxd4+ 16. Nxd4 Nxd4 17. Rae1 Be6 18. Bxb7 Rab8 19. Bd5 Bxd5 20. Rxe8+ Rxe8 21. cxd5 Re2 22. Bd8 Rc2 23. b4 h5 24. Rf2 Rc1+ 25. Kg2 a6 26. Kh3 Kh7 27. Rf7 Kg6 28. Rxc7 Rd1 29. Ra7 Rd2 30. g4 Rd3+ 31. Kg2 hxg4 32. Rxa6 Kf5 33. Ra7 Rd2+ 34. Kg3 Rd3+ 35. Kg2 Rd2+ 36. Kg3 Ne2+ 37. Kh4 Nf4 38. Rf7+ Ke4 39. Kxg4 Rg2+ 40. Kh4 Rxh2+ 41. Kg4 Rg2+ 42. Kh4 Rh2+ 43. Kg3 Rg2+ 44. Kh4 Kf3 45. Rxf4+ Kxf4 46. Kh3 Rb2 47. Be7 Ke5 48. Bf8 Kxd5 49. Bxg7 Rb3+ 50. Kg4 Rxa3 51. Bh6 Rb3 52. Bd2 Ke4 53. Be1 d5 54. Bf2 Rxb4 55. Kg3 Rb3+ 56. Kg2 d4 57. Kf1 d3 58. Ke1 Rb2 59. Bc5 Kd5 60. Be3 Re2+ 0-1

[Event "Titled Tuesday intern op 05th Mar Early"]
[Site "Chess.com INT"]
[Date "2024.03.05"]
[Round "8"]
[White "Sadubayev, Airat"]
[Black "Lund, Gunnar"]
[Result "0-1"]
[WhiteElo "2290"]
[BlackElo "2335"]
[PlyCount "104"]
[EventDate "2024.03.05"]
[EventType "swiss (blitz)"]
[EventRounds "11"]
[EventCountry "USA"]
[SourceTitle "EXT 2025"]
[Source "ChessBase"]
[SourceDate "2024.10.14"]
[SourceVersion "1"]
[SourceVersionDate "2024.10.14"]
[SourceQuality "1"]

1. e4 e6 2. d4 d5 3. e5 c5 4. c3 Nc6 5. Nf3 Bd7 6. Be2 f6 7. 0-0 fxe5 8. dxe5 Qc7 9. Bf4 Nh6 10. Na3 a6 11. Nc2 Nf7 12. Re1 0-0-0 13. Bf1 Rg8 14. h4 g6 15. b4 h6 16. bxc5 Bxc5 17. Ncd4 g5 18. hxg5 hxg5 19. Bg3 Kb8 20. Nxc6+ Bxc6 21. Nd4 Bxd4 22. cxd4 Nh6 23. Bd3 Rdf8 24. Rb1 Ka8 25. Qh5 Nf5 26. Qg4 Qh7 27. f3 Qe7 28. Rb3 Ba4 29. Rb6 Nxg3 30. Qxg3 Qa3 31. Bxa6 Ka7 32. Rxb7+ Kxa6 33. Reb1 Qe3+ 34. Qf2 Qxf2+ 35. Kxf2 Bc2 36. R1b6+ Ka5 37. Rb2 Bd3 38. R2b3 Ka6 39. R7b4 Ka5 40. Rb7 Ka6 41. R7b6+ Ka7 42. Rxe6 Bc4 43. Re7+ Ka6 44. Re6+ Ka5 45. Rb7 Rb8 46. Ra7+ Kb4 47. Rc6 Kc3 48. e6 Kxd4 49. e7 Rge8 50. Rg6 Rb2+ 51. Kg3 Rxa2 52. Rxg5 Rxa7 0-1

[Event "Titled Tuesday intern op 05th Mar Late"]
[Site "Chess.com INT"]
[Date "2024.03.05"]
[Round "10"]
[White "Solon, Nathan"]
[Black "Lund, Gunnar"]
[Result "1-0"]
[WhiteElo "2327"]
[BlackElo "2335"]
[PlyCount "221"]
[EventDate "2024.03.05"]
[EventType "swiss (blitz)"]
[EventRounds "11"]
[EventCountry "USA"]
[SourceTitle "EXT 2025"]
[Source "ChessBase"]
[SourceDate "2024.10.14"]
[SourceVersion "1"]
[SourceVersionDate "2024.10.14"]
[SourceQuality "1"]

1. d4 a6 2. e4 h6 3. Nf3 d6 4. Bc4 e6 5. 0-0 Nc6 6. d5 Ne5 7. Nxe5 dxe5 8. dxe6 Bxe6 9. Bxe6 fxe6 10. Qh5+ Ke7 11. Rd1 Qe8 12. Qxe5 Qc6 13. Nc3 Kf7 14. Bf4 Bd6 15. Qh5+ g6 16. Qf3 Kg7 17. Bxd6 cxd6 18. Qd3 Rd8 19. e5 d5 20. Ne2 Ne7 21. Nd4 Qd7 22. Qh3 Nf5 23. Nxf5+ gxf5 24. Rd3 Kh7 25. Rad1 Qc7 26. Qh5 Rhg8 27. Rg3 Rxg3 28. hxg3 Rg8 29. Qe2 Qb6 30. c3 Rxg3 31. Rd4 Rg7 32. Rh4 Qd8 33. Rb4 b5 34. Qe3 Qe8 35. g3 a5 36. Rh4 Qg6 37. Kg2 h5 38. Qe2 Kh6 39. Qxb5 Qg5 40. Qa4 Qd2 41. Qf4+ Qxf4 42. Rxf4 Rb7 43. b3 Rc7 44. c4 Rc5 45. cxd5 Rxd5 46. Rf3 Rxe5 47. Re3 Rc5 48. Rxe6+ Kg7 49. Ra6 Kf7 50. Kf3 Ke7 51. Kf4 Rc2 52. Rxa5 Rxf2+ 53. Kg5 Rf3 54. Rxf5 Rxg3+ 55. Kxh5 Rg2 56. Ra5 Kd6 57. Kh4 Kc6 58. Kh3 Rg8 59. Ra4 Kb5 60. Rg4 Ra8 61. a4+ Ka5 62. Kg2 Rb8 63. Rg3 Kb4 64. Kf2 Re8 65. Re3 Rh8 66. Ke2 Rd8 67. Rd3 Re8+ 68. Kd2 Re4 69. Kc2 Re2+ 70. Rd2 Re4 71. Kb2 Rh4 72. Rc2 Rg4 73. Rf2 Rh4 74. Rf3 Rh2+ 75. Kc1 Rh4 76. Kd2 Rh2+ 77. Ke1 Rh4 78. Rd3 Re4+ 79. Kd2 Rh4 80. Ke3 Rh3+ 81. Ke4 Rh4+ 82. Kd5 Rh5+ 83. Kc6 Rh6+ 84. Rd6 Rh5 85. Rd3 Rh6+ 86. Kd5 Rh5+ 87. Ke4 Rh4+ 88. Ke3 Rh3+ 89. Kd2 Rh2+ 90. Ke1 Rh1+ 91. Kf2 Rh2+ 92. Kg3 Rh8 93. Rf3 Rg8+ 94. Kf2 Rg4 95. Ke2 Rh4 96. Kd2 Rh2+ 97. Kc1 Rh1+ 98. Kc2 Rh2+ 99. Kd1 Rh1+ 100. Ke2 Rh2+ 101. Rf2 Rh4 102. Rf3 Rg4 103. Kf2 Rh4 104. Rd3 Rg4 105. Kf3 Rh4 106. Re3 Rh8 107. Ke2 Rh2+ 108. Kf3 Rh4 109. Re4+ Rxe4 110. Kxe4 Kxb3 111. a5 1-0

[Event "Titled Tuesday intern op 05th Mar Late"]
[Site "Chess.com INT"]
[Date "2024.03.05"]
[Round "6"]
[White "Yang, Kevin S"]
[Black "Lund, Gunnar"]
[Result "0-1"]
[WhiteElo "2096"]
[BlackElo "2335"]
[PlyCount "64"]
[EventDate "2024.03.05"]
[EventType "swiss (blitz)"]
[EventRounds "11"]
[EventCountry "USA"]
[SourceTitle "EXT 2025"]
[Source "ChessBase"]
[SourceDate "2024.10.14"]
[SourceVersion "1"]
[SourceVersionDate "2024.10.14"]
[SourceQuality "1"]

1. d4 d5 2. Nf3 e6 3. Bf4 Nf6 4. Nbd2 c5 5. e3 Nc6 6. c3 cxd4 7. exd4 Nh5 8. Be3 Bd6 9. Ne5 g6 10. Bb5 0-0 11. Nxc6 bxc6 12. Be2 Ng7 13. Bh6 Rb8 14. Nb3 Re8 15. h4 Nf5 16. Bg5 Be7 17. Bf4 Bd6 18. Bg5 f6 19. Bd2 e5 20. dxe5 fxe5 21. h5 a5 22. hxg6 hxg6 23. Rb1 a4 24. Nc1 e4 25. Qxa4 Bd7 26. Qc2 e3 27. Bxe3 Rxe3 28. fxe3 Qg5 29. Nd3 Bg3+ 30. Nf2 Nxe3 31. Qd3 Re8 32. Qd4 Nc2+ 0-1

[Event "Titled Tuesday intern op 20th Feb Late"]
[Site "Chess.com INT"]
[Date "2024.02.20"]
[Round "1"]
[White "Lund, Gunnar"]
[Black "Dubreuil, Julien"]
[Result "1/2-1/2"]
[WhiteElo "2321"]
[BlackElo "2103"]
[PlyCount "162"]
[EventDate "2024.02.20"]
[EventType "swiss (blitz)"]
[EventRounds "11"]
[EventCountry "USA"]
[SourceTitle "EXT 2025"]
[Source "ChessBase"]
[SourceDate "2024.10.14"]
[SourceVersion "1"]
[SourceVersionDate "2024.10.14"]
[SourceQuality "1"]

1. d4 d5 2. c4 e6 3. Nf3 Nf6 4. g3 dxc4 5. Bg2 Bd7 6. Ne5 Bc6 7. Nxc6 Nxc6 8. e3 Qd7 9. 0-0 0-0-0 10. Qa4 Nd5 11. Qxc4 h5 12. Nc3 h4 13. Bd2 f5 14. Rac1 Nb6 15. Qb5 h3 16. Bh1 a6 17. Bxc6 Qxc6 18. Qxc6 bxc6 19. Rfd1 Nc4 20. b3 Nxd2 21. Rxd2 Ba3 22. Rcd1 Bb4 23. Rc2 e5 24. Ne2 c5 25. Kf1 g5 26. Rdc1 exd4 27. exd4 Ba3 28. Rd1 Rhe8 29. Rcd2 Bb4 30. Rd3 cxd4 31. Nxd4 c5 32. Nc2 Rxd3 33. Rxd3 Re5 34. a3 Ba5 35. f4 gxf4 36. gxf4 Re4 37. Rxh3 Rxf4+ 38. Ke2 Bc7 39. Re3 Rh4 40. h3 Kb7 41. Rf3 f4 42. Ne1 Rh6 43. Nd3 Re6+ 44. Kd2 Rh6 45. Nxc5+ Kc6 46. Nd3 Rh4 47. Kc3 Kd5 48. Nf2 Be5+ 49. Kd3 Rh8 50. Ng4 Rc8 51. Kd2 Ke4 52. Rf2 Bg7 53. Rf1 Bc3+ 54. Kd1 Bd4 55. Kd2 Be3+ 56. Nxe3 fxe3+ 57. Ke2 Rc2+ 58. Kd1 Ra2 59. Rf8 Kd3 60. Rd8+ Kc3 61. Re8 Kd3 62. Rd8+ Kc3 63. Rb8 Rh2 64. b4 Kd3 65. Rd8+ Kc3 66. Rd6 Rg2 67. Rxa6 Kd3 68. Rd6+ Kc3 69. b5 Ra2 70. b6 Rxa3 71. Ke2 Rb3 72. Kxe3 Kc4+ 73. Ke4 Rxh3 74. b7 Rb3 75. Rd7 Rb6 76. Ke5 Kb5 77. Kd5 Ka6 78. Kc5 Rb5+ 79. Kc6 Rb6+ 80. Kc5 Rxb7 81. Rxb7 Kxb7 1/2-1/2

[Event "Titled Tuesday intern op 30th Jan Late"]
[Site "Chess.com INT"]
[Date "2024.01.30"]
[Round "9"]
[White "Jimenez Almeida, Luis David"]
[Black "Lund, Gunnar"]
[Result "0-1"]
[WhiteElo "2208"]
[BlackElo "2321"]
[PlyCount "50"]
[EventDate "2024.01.30"]
[EventType "swiss (blitz)"]
[EventRounds "11"]
[EventCountry "USA"]
[SourceTitle "EXT 2025"]
[Source "ChessBase"]
[SourceDate "2024.10.14"]
[SourceVersion "1"]
[SourceVersionDate "2024.10.14"]
[SourceQuality "1"]

1. e4 a6 2. Bc4 h6 3. d4 e6 4. Nf3 d6 5. 0-0 Nc6 6. c3 Bd7 7. Qe2 e5 8. Rd1 Nf6 9. h3 Qc8 10. Kh2 g5 11. dxe5 dxe5 12. Nfd2 g4 13. h4 Bd6 14. Nf1 Nh5 15. g3 Be6 16. Nbd2 Qd7 17. b4 0-0-0 18. a4 Nf4 19. Qe3 Qe7 20. b5 Na5 21. Bxe6+ fxe6 22. bxa6 Bc5 23. axb7+ Kb8 24. Qe1 Nd3 25. Qe2 Rhf8 0-1

[Event "Titled Tuesday intern op 30th Jan Late"]
[Site "Chess.com INT"]
[Date "2024.01.30"]
[Round "1"]
[White "Lund, Gunnar"]
[Black "Kujawski, Adam"]
[Result "1-0"]
[WhiteElo "2321"]
[BlackElo "2111"]
[PlyCount "63"]
[EventDate "2024.01.30"]
[EventType "swiss (blitz)"]
[EventRounds "11"]
[EventCountry "USA"]
[SourceTitle "EXT 2025"]
[Source "ChessBase"]
[SourceDate "2024.10.14"]
[SourceVersion "1"]
[SourceVersionDate "2024.10.14"]
[SourceQuality "1"]

1. d4 Nf6 2. c4 c5 3. d5 e6 4. Nc3 d6 5. Nf3 g6 6. e4 exd5 7. exd5 Bg7 8. Be2 0-0 9. 0-0 Na6 10. h3 Nc7 11. Bf4 a6 12. a4 Bf5 13. Re1 Ne4 14. Nxe4 Bxe4 15. Qd2 b5 16. axb5 axb5 17. Rxa8 Nxa8 18. Ng5 Bf5 19. cxb5 Nb6 20. Bf1 Bc8 21. Ne4 Bb7 22. Nxd6 Bxd5 23. Qc2 Qf6 24. Bg3 Qxb2 25. Qxc5 Qd2 26. Re2 Qa5 27. Re8 Rxe8 28. Nxe8 Bf8 29. Qd4 Qb4 30. Qxb6 Bc5 31. Nf6+ Kg7 32. Nxd5 1-0